000
00276nam a22001217a 4500
082
_a
669 SHR'E
100
_a
SHRAGER, ARTHUR M
_9
44857
245
_a
ELEMENTARY METALLURGY AND METLLOGRAPHY
250
_a
2ND
260
_a
NEWYORK
_b
DOVER
_c
1961
300
_a
388P
942
_c
BK
999
_c
568525
_d
568525